Loading...
| Other - Pop Culture | 2 | 1 | 0 | 0 | 40 | 73 | 87.33 | 1 | 3 |
| Literature - American Lit | 0 | 2 | 0 | 1 | 20 | 125 | 136.50 | 0 | 1 |
| History - Euro History | 0 | 1 | 0 | 1 | 10 | 114 | 114.00 | 0 | 0 |
| Literature - British Lit | 0 | 1 | 0 | 0 | 10 | 140 | 140.00 | 0 | 0 |
| Other - Geo/CE | 0 | 1 | 0 | 1 | 10 | 122 | 122.00 | 0 | 0 |
| Arts - Other Arts | 0 | 1 | 0 | 0 | 10 | 128 | 128.00 | 0 | 1 |
| History - American History | 0 | 1 | 0 | 1 | 10 | 135 | 135.00 | 0 | 0 |
| Thought - Philosophy | 0 | 1 | 0 | 0 | 10 | 102 | 102.00 | 0 | 1 |
| Science - Biology | 0 | 1 | 0 | 1 | 10 | 125 | 125.00 | 0 | 1 |
| Science - Other Science | 0 | 1 | 0 | 0 | 10 | 126 | 126.00 | 0 | 0 |
| Literature - Euro Lit | 0 | 0 | 1 | 0 | -5 | 0.00 | 0 | 0 |